| 000 | 00578nam a2200193Ia 4500 | ||
|---|---|---|---|
| 003 | IN-BaIIA | ||
| 008 | 211028s9999 xx 000 0 eng d | ||
| 040 | _cIIA Library | ||
| 080 |
_a686.4 _bSCO |
||
| 100 |
_aScott-Mitchell, Fredk _9634 |
||
| 245 | 0 |
_aPractical gilding, bronzing and laquering _cFredk Scott-Mitchell |
|
| 260 |
_aLondon _bThe Trade Papers Publishing _c1905 |
||
| 300 | _a183p | ||
| 490 | _aThe decorator deries of practical handbooks | ||
| 650 |
_aBook Binding _9635 |
||
| 650 |
_aHandbooks-Book Binding _9636 |
||
| 650 |
_aOthers Thesaurus _9637 |
||
| 942 | _cBK | ||
| 999 |
_c312 _d312 |
||